00165nam a2200061Ia 4500008004100000100002300041245003900064120527s9999 xx 000 0 und d aGraretter & Walhan aEssentials of statistics for the..